000
00220nam a2200097Ia 4500
005
20251222114346.0
008
251222s1900||||xx |||||||||||||| ||spa||
082
_a
DVD0070/Y71
245
0
_a
Despedidas:Okuribito
942
_c
DVD
999
_c
1045
_d
1045